000 00936nas a2200313 4500
001 BR9505981
003 BR-BrBNA
005 20231205095444.0
007 ta
008 230509b bl.|||p| |||| 00| 00por d
040 _aBR-BrBNA
_bpor
_cBiblioteca Nacional de Agricultura
041 _a(Pt)
072 _aL01
100 1 _aNeiva, R.S.
100 1 _aCoelho, M.M.
100 1 _aThaler Neto, A.
100 1 _aOliveira, A.I.G. de
245 1 _aFatores que influenciaram a duracao do periodo de servico e periodo seco em um rebanho Holandes no Sul de Minas Gerais
650 _aRebanho
650 _aProducao Leiteira
650 _aGado Leiteiro
650 _aVaca Leiteira
650 _aRaca
650 _aManejo
650 _aGado Holandes
773 0 _tCiencia e Pratica (Brazil)
_xISSN 0100-3267
_g(Apr-Jun 1993), v. 17(2) p. 182-188
_wBR9505981
909 _a202311
_bLúcia
_c55
_dLúcia Elande
942 _2AGRIS
_n0
_cANA
999 _c150783
_d150783